• 首页
  • 本馆介绍
  • 公告通知
  • 最新文献
  • 馆藏检索
  • 电子资源
  • 读者导购
  • 参考咨询
  • 我的图书馆
  • 登录
  • 详细信息显示
  • 放入我的书架
  • 预约/预借图书
  • 作者相关作品
  • 分类相关作品
  • 丛书相关作品
  • 出版社相关作品

书目信息

  • 表格格式
  • 工作单格式
  • 卡片格式
题名:
反腐倡廉教育讲话
    
 
作者: ;中共中央纪律检查委员会宣传教育室 编著
分册:  
出版信息: 北京   中共中央党校社  1994
页数: 318页
开本: 20cm
丛书名:
单 册:
中图分类: D261.3
科图分类: 33.1263
主题词: 廉政-中国共产党--学习参考资料
电子资源:
ISBN: 7-5035-0784-5
000 01002nam0 2200253 45
001 0195003973
005 20070922154545.96
010    @a7-5035-0784-5@dCNY6.80
100    @a19950112e1994 em y0chiy0121 ea
101 0  @achi
102    @aCN@b110000
105    @ay z 000yy
200 10 @a反腐倡廉教育讲话@AFAN FU CHANG LIAN JIAO YU JIANG HUA@f中共中央纪律检查委员会宣传教育室编著@FZHONG GONG ZHONG YANG JI LU“ JIAN CHA WEI YUAN HUI XUAN CHUAN JIAO YU SHI BIAN ZHU
210    @a北京@c中共中央党校社@d1994@h1994重印
215    @a318页@d20cm
330    @a本书上篇论述了反腐倡廉的有关问题;下篇论述了党员干部在反腐倡廉中的行为规范。
540 1  @a反腐 倡廉@AFAN FU CHANG LIAN
601 02 @a中国共产党-廉政@x学习参考资料
606    @a廉政-中国共产党@x学习参考资料
690    @aD261.3@v三版
692    @a33.1263
711 02 @a中共中央纪律检查委员会宣传教育室@AZHONG GONG ZHONG YANG JI LU“ JIAN CHA WEI YUAN HUI XUAN CHUAN JIAO YU SHI@4编著
801  0 @aCN@bTSSF@c20070922
905    @a10447@dD261.3@e178
    
    反腐倡廉教育讲话/中共中央纪律检查委员会宣传教育室编著.-北京:中共中央党校社,1994(1994重印)
    318页;20cm
    
    
    ISBN 7-5035-0784-5:CNY6.80
    本书上篇论述了反腐倡廉的有关问题;下篇论述了党员干部在反腐倡廉中的行为规范。
●
相关链接 在E读中查询图书 在五车中查询图书 在当当中查询图书 在豆瓣中查询图书


正题名:反腐倡廉教育讲话     索取号:D261.3/178         预约/预借

序号 登录号 条形码 馆藏地/架位号 状态 备注
1 0609567   206095679   密集书库/ [索取号:D261.3/178] 在馆    
2 0766047   207660477   第一样本阅览室/ [索取号:D261.3/178] 在馆    
3 0770055   207700558   密集书库/ [索取号:D261.3/178] 在馆    
4 0790308   207903081   密集书库/ [索取号:D261.3/178] 在馆    
唐山师范学院图书馆 欢迎您!
大连网信软件有限公司© 版权所有